logo

Bir Sreshtho Munshi Abdur Rouf Library
Jhenaidah Cadet College

বাংলা একাডমী বাঙলা উচ্চারন অভিধান / (Record no. 5166)

MARC details
000 -LEADER
fixed length control field 00820nam a2200265 a 4500
001 - CONTROL NUMBER
JCCL Control Number 5166
003 - CONTROL NUMBER IDENTIFIER
JCCL marc code BD-JhCC
005 - DATE AND TIME OF LATEST TRANSACTION
control field 20180217083610.0
008 - FIXED-LENGTH DATA ELEMENTS--GENERAL INFORMATION
fixed length control field 171209s2007 bg |||| ||a| 000 0 ben d
020 ## - INTERNATIONAL STANDARD BOOK NUMBER
International Standard Book Number 9840746405
020 ## - INTERNATIONAL STANDARD BOOK NUMBER
International Standard Book Number 9840753029
020 ## - INTERNATIONAL STANDARD BOOK NUMBER
International Standard Book Number 9840749374
035 ## - SYSTEM CONTROL NUMBER
system control number (BD-JhCC)5166
040 ## - CATALOGING SOURCE
Original cataloging agency BD-JhCC
Modifying agency BD-JhCC
041 ## - LANGUAGE CODE
Language code of Book ben
082 ## - DEWEY DECIMAL CLASSIFICATION NUMBER
DDC Edition number 2nd Edition
Classification number 491.4415
Author mark and Year BIS 2007
100 ## - MAIN ENTRY--PERSONAL NAME
Personal name বিশ্বাস, নরেন
245 ## - TITLE STATEMENT
Title বাংলা একাডমী বাঙলা উচ্চারন অভিধান /
Statement of responsibility, etc নরেন বিশ্বাস
250 ## - EDITION STATEMENT
Edition statement 2nd ed.
260 ## - PUBLICATION, DISTRIBUTION, ETC. (IMPRINT)
Place of publication, distribution, etc ঢাকা :
Name of publisher, distributor, etc বাংলা একাডেমী,
Date of publication, distribution, etc ২০০৭.
300 ## - PHYSICAL DESCRIPTION
Pagination 537 p. :
Dimensions 21 cm.
650 ## - SUBJECT ADDED ENTRY--TOPICAL TERM
Topical term or geographic name as entry element Pronunciation
Geographic subdivision Bengali Language
942 ## - ADDED ENTRY ELEMENTS (KOHA)
Source of classification or shelving scheme Dewey Decimal Classification
Koha item type Reference
Holdings
Source of classification or shelving scheme Damaged status Not for loan Home library Current library Shelving location Date of accession Cost, normal purchase price Total Checkouts Full call number Barcode Date last seen Copy number Koha item type
Dewey Decimal Classification     JCC Rouf Library JCC Rouf Library General Stacks 12/09/2017 200.00   491.4415 BIS 2007 7214 12/09/2017 C-1 Reference
Dewey Decimal Classification     JCC Rouf Library JCC Rouf Library General Stacks 12/09/2017 200.00   491.4415 BIS 2007 7213 12/09/2017 C-2 Reference
Dewey Decimal Classification     JCC Rouf Library JCC Rouf Library General Stacks 12/09/2017 200.00   491.4415 BIS 2007 7212 12/09/2017 C-3 Reference
Dewey Decimal Classification     JCC Rouf Library JCC Rouf Library General Stacks 12/09/2017 150.00   491.4415 BIS 2007 7211 12/09/2017 C-4 Reference
Dewey Decimal Classification     JCC Rouf Library JCC Rouf Library General Stacks 12/10/2017 150.00   491.4415 BIS 2007 7223 12/10/2017 C-5 Reference
Dewey Decimal Classification     JCC Rouf Library JCC Rouf Library General Stacks 12/10/2017 150.00   491.4415 BIS 2007 7222 12/10/2017 C-6 Reference
Dewey Decimal Classification     JCC Rouf Library JCC Rouf Library General Stacks 12/10/2017 200.00   491.4415 BIS 2007 7221 12/10/2017 C-7 Reference
Dewey Decimal Classification     JCC Rouf Library JCC Rouf Library General Stacks 12/10/2017 200.00   491.4415 BIS 2007 7220 12/10/2017 C-8 Reference
Dewey Decimal Classification     JCC Rouf Library JCC Rouf Library General Stacks 12/10/2017 200.00   491.4415 BIS 2007 7219 12/10/2017 C-9 Reference
Dewey Decimal Classification     JCC Rouf Library JCC Rouf Library   12/10/2017 150.00   491.4415 BIS 2007 7217 12/10/2017 C-10 Reference
Dewey Decimal Classification     JCC Rouf Library JCC Rouf Library General Stacks 12/10/2017 200.00   491.4415 BIS 2007 7216 12/10/2017 C-11 Reference
Dewey Decimal Classification     JCC Rouf Library JCC Rouf Library General Stacks 12/01/2017 150.00   491.4415 BIS 2007 7215 12/10/2017 C-12 Reference
Dewey Decimal Classification     JCC Rouf Library JCC Rouf Library General Stacks 12/10/2017 200.00   491.4415 BIS 2007 7218 12/10/2017 C-13 Reference
Dewey Decimal Classification     JCC Rouf Library JCC Rouf Library General Stacks 12/28/2017 300.00   491.4415 BIS 2007 8219 12/28/2017 C - 14 Reference
Dewey Decimal Classification     JCC Rouf Library JCC Rouf Library General Stacks 02/08/2018     491.4415 BIS 2007 9440 02/08/2018 C-15 Reference

JCC Library | Contacts | JCC Home

Last Update on 23 September 2017
Copyright @ 2017-2020 JCC Rouf Library
Rouf Library, Jhenidah Cadet College (JCC), Bangladesh